<?xml version="1.0" encoding="UTF-8"?>
<record
    xmlns:xsi="http://www.w3.org/2001/XMLSchema-instance"
    xsi:schemaLocation="http://www.loc.gov/MARC21/slim http://www.loc.gov/standards/marcxml/schema/MARC21slim.xsd"
    xmlns="http://www.loc.gov/MARC21/slim">

  <leader>01309nam a22002897a 4500</leader>
  <controlfield tag="001">4607</controlfield>
  <controlfield tag="003">FISKH</controlfield>
  <controlfield tag="005">20240918094220.0</controlfield>
  <controlfield tag="008">240918b        cb ||||| |||| 00| 0 eng d</controlfield>
  <datafield tag="020" ind1=" " ind2=" ">
    <subfield code="a">9780340784808</subfield>
  </datafield>
  <datafield tag="040" ind1=" " ind2=" ">
    <subfield code="a">FISKH</subfield>
    <subfield code="b">eng</subfield>
    <subfield code="c">FISKH</subfield>
    <subfield code="d">FISKH</subfield>
  </datafield>
  <datafield tag="050" ind1=" " ind2=" ">
    <subfield code="a">PZ7.A448</subfield>
  </datafield>
  <datafield tag="082" ind1=" " ind2=" ">
    <subfield code="2">823.914</subfield>
  </datafield>
  <datafield tag="100" ind1=" " ind2=" ">
    <subfield code="a">Almond, David</subfield>
    <subfield code="d">1951-</subfield>
  </datafield>
  <datafield tag="245" ind1=" " ind2=" ">
    <subfield code="a">Counting stars /</subfield>
    <subfield code="c">David Almond</subfield>
  </datafield>
  <datafield tag="250" ind1=" " ind2=" ">
    <subfield code="a">First published in 2000</subfield>
  </datafield>
  <datafield tag="260" ind1=" " ind2=" ">
    <subfield code="a">London :</subfield>
    <subfield code="b">A division of Hodder Headline,</subfield>
    <subfield code="c">2000.</subfield>
  </datafield>
  <datafield tag="300" ind1=" " ind2=" ">
    <subfield code="a">182 pages :</subfield>
    <subfield code="c">20cm</subfield>
  </datafield>
  <datafield tag="505" ind1=" " ind2=" ">
    <subfield code="a">R
</subfield>
  </datafield>
  <datafield tag="520" ind1=" " ind2=" ">
    <subfield code="a">Short Stories. Young Adult Fiction. Young Adult Literature. HTML:David Almond's extraordinary novels have established him as an author of unique insight and skill. These stories encapsulate his endless sense of mystery and wonderment, as they weave a tangible tapestry of growing up in a large, loving family. Here are the kernels of his novels&#xFFFD;joy and fear, darkness and light, the
healing power of love and imagination in overcoming the wounds of ignorance and prejudice. These stories merge memory and dream, the real and the imagined, in a collection of exquisite tenderness.</subfield>
  </datafield>
  <datafield tag="521" ind1="8" ind2=" ">
    <subfield code="a">630L
</subfield>
    <subfield code="b">Lexile
</subfield>
  </datafield>
  <datafield tag="521" ind1="8" ind2=" ">
    <subfield code="a">R
</subfield>
    <subfield code="b">Raz-Plus
</subfield>
  </datafield>
  <datafield tag="650" ind1=" " ind2=" ">
    <subfield code="2">Family</subfield>
    <subfield code="a">Childhood</subfield>
  </datafield>
  <datafield tag="650" ind1=" " ind2=" ">
    <subfield code="2">Death</subfield>
    <subfield code="a">Memoir</subfield>
  </datafield>
  <datafield tag="942" ind1=" " ind2=" ">
    <subfield code="2">ddc</subfield>
    <subfield code="c">BK</subfield>
    <subfield code="n">0</subfield>
  </datafield>
  <datafield tag="999" ind1=" " ind2=" ">
    <subfield code="c">4607</subfield>
    <subfield code="d">4607</subfield>
  </datafield>
  <datafield tag="952" ind1=" " ind2=" ">
    <subfield code="0">0</subfield>
    <subfield code="1">0</subfield>
    <subfield code="2">ddc</subfield>
    <subfield code="4">0</subfield>
    <subfield code="7">0</subfield>
    <subfield code="8">FIC</subfield>
    <subfield code="a">001</subfield>
    <subfield code="b">001</subfield>
    <subfield code="c">TTP Yellow </subfield>
    <subfield code="d">2024-09-18</subfield>
    <subfield code="l">1</subfield>
    <subfield code="o">ALM 823.914 PZ7.A448</subfield>
    <subfield code="p">2024-2001</subfield>
    <subfield code="r">2024-09-18 16:17:29</subfield>
    <subfield code="s">2024-09-18</subfield>
    <subfield code="t">1</subfield>
    <subfield code="w">2024-09-18</subfield>
    <subfield code="y">BK</subfield>
  </datafield>
</record>
